00603nam a22002057a 450000500170000000800410001702000180005804000210007604100080009708200150010524500780012025000170019826000330021530000100024865000250025870000320028370000260031570000300034170000260037120260515114909.0211111b ||||| |||| 00| 0 eng d a9788194692485 aIN-DiNCcIN-DiNC dasm a362.2bMAN aManasik swasthyar bicharya bishaysamuh/cby Beda Kumar Chaliha and others a2nd rev. ed. aJorhat:bBidya bhawan,c2021 a322p. aMental health issues aChaliha, Beda Kumareauthor aSaikia, Taruneauthor aSaikia, Runu Boraeauthor aDas, Punendraeauthor